Haircuts/Hairstyles/Hairdos by Picture - Statistics

General Stats
  • This quiz has been taken 654 times
    361 since last reset
  • The average score is 10 of 15
Answer Stats
Picture Answer % Correct
Afro
94%
Ponytail
94%
Mohawk
91%
Bowl cut
86%
Mullet
83%
Bun
82%
Dreadlocks
79%
Pigtails
74%
Bob cut
73%
Cornrows
64%
Rattail
58%
Pixie cut
57%
Crew cut
48%
Beehive
27%
Jheri curl
19%
No matching quizzes found
Score Distribution
Percent of People with Each Score
Percentile by Number Answered
Your Score History
You have not taken this quiz since the last reset